000 00510nam a2200145Ia 4500
008 220216s9999 xx 000 0 und d
100 _aKrishantha G D D
245 0 _aModification of NR/EPDM/CB composites by co-vulcanization through high energy G-radiation
260 _bProceedings of the Asia Rub Tech Expo, 23-25 November 2006, Indian Rubber Institute, Kochi. pp.115-116.
700 _aEdirisinghe D G
700 _aKarunanayake L
700 _aKulathunge S S
700 _aSiriwardena S
942 _cJS
999 _c63112
_d63112